Kapās. (Record no. 64104)

MARC details
000 -LEADER
fixed length control field 00620cam a22002411 4500
001 - CONTROL NUMBER
control field sa 65005092
003 - CONTROL NUMBER IDENTIFIER
control field DLC
005 - DATE AND TIME OF LATEST TRANSACTION
control field 20260227112135.0
008 - FIXED-LENGTH DATA ELEMENTS--GENERAL INFORMATION
fixed length control field 890825s1964 pk a 000 0 urdr
010 ## - LIBRARY OF CONGRESS CONTROL NUMBER
LC control number sa 65005092
035 ## - SYSTEM CONTROL NUMBER
System control number (OCoLC)20258137
040 ## - CATALOGING SOURCE
Original cataloging agency DLC
Transcribing agency WaU
Modifying agency DLC
042 ## - AUTHENTICATION CODE
Authentication code premarc
043 ## - GEOGRAPHIC AREA CODE
Geographic area code a-pk---
050 00 - LIBRARY OF CONGRESS CALL NUMBER
Classification number SB251.P26
Item number W4
110 1# - MAIN ENTRY--CORPORATE NAME
Corporate name or jurisdiction name as entry element West Pakistan (Pakistan).
Subordinate unit Bureau of Agricultural Information.
245 10 - TITLE STATEMENT
Title Kapās.
260 ## - PUBLICATION, DISTRIBUTION, ETC.
Date of publication, distribution, etc. 1964.
300 ## - PHYSICAL DESCRIPTION
Extent 232 p.
Other physical details illus.
Dimensions 24 cm.
500 ## - GENERAL NOTE
General note In Urdu.
500 ## - GENERAL NOTE
General note Text partially vocalized.
650 #0 - SUBJECT ADDED ENTRY--TOPICAL TERM
Topical term or geographic name entry element Cotton growing
Geographic subdivision Pakistan.

No items available.

Powered by Koha